Adaptácia objektu železničnej Stanice na nove účely, Banská Štiavnica – interiér.

Gespeichert in:
Bibliographische Detailangaben
1. Verfasser: Mlynarčíková, Renáta (Verfasst von)
Weitere Verfasser: Kočlík, Dušan (Betreuung Doktorarbeit)
Format: Manuskript Buch
Sprache:Slowakisch
Veröffentlicht: Bratislava 2017
Schlagworte:
Online-Zugang:http://is.stuba.sk/zp/portal_zp.pl?podrobnosti=128418
Tags: Tag hinzufügen
Keine Tags, Fügen Sie das erste Tag hinzu!

MARC

LEADER 00000ntm a22000003a 4500
001 stuzp63654
003 SK-STU
005 20210212080044.4
007 ta
008 150427s2015----xo-----f-mn---000-0-slo-d
040 |a STU  |b slo 
041 0 |a slo 
100 1 |a Mlynarčíková, Renáta  |u 055150  |4 aut  |U FAD Fakulta architektúry  |T FA Ústav interiéru a výstavníctva  |X 82466  |U A5150  |Y 396  |7 82466 
242 0 1 |a Adaptation of the Railway Station for New Purposes, Banská Štiavnica - Interior.  |y eng 
245 1 0 |a Adaptácia objektu železničnej Stanice na nove účely, Banská Štiavnica – interiér. 
260 |c 2017  |a Bratislava 
650 4 |a železničná stanica  |2 slo 
650 4 |a dizajn  |2 slo 
650 4 |a rekonštrukcia  |2 slo 
650 4 |a umenie  |2 slo 
650 4 |a galéria  |2 slo 
650 4 |a reconstruction  |2 eng 
650 4 |a railway station  |2 eng 
650 4 |a design  |2 eng 
650 4 |a art  |2 eng 
650 4 |a gallery  |2 eng 
700 1 |a Kočlík, Dušan  |u 055150  |k Z1  |4 ths  |U FAD Fakulta architektúry  |T FA Ústav interiéru a výstavníctva  |X 42575  |U A5150  |Y 396  |7 A000042575 
856 4 |u http://is.stuba.sk/zp/portal_zp.pl?podrobnosti=128418  |u https://opac.crzp.sk/?fn=detailBiblioForm&sid=E7FF18FD4FFD5019D8FDEA3CC38C